BIBLIOTHÈQUE DE LA MAISON DU MEXIQUE

Logo 1 Logo 2

Estudios de literatura mexicana (notice nᵒ 5329)

détails MARC
000 -Sello discográfico
campo de control de longitud fija 01809nam0a2200289 4500
005 - Identificación de versión
campo de control 20251016084446.0
010 ## - Número Estándar Internacional de Libros (ISBN)
Número (ISBN) 968-7845-04-X
035 ## - Otros números de control del sistema
Número de control del sistema 33042
099 ## - fechas locales
Tipo de ítem Koha LIBRO
100 ## - Datos de procesamiento general
Datos de procesamiento general 20111108d1998 m y0spay5003 ba
105 ## - Campo de datos codificados: Material textual, monográfico
Datos codificados de monografía y 001zy
200 1# - Título y mención de responsabilidad
Título propio Estudios de literatura mexicana
Designación general del material texto impreso
Otra información del título IX Encuentro Nacional de Escritores en la Frontera Norte
Primer mención de responsabilidad Coordinación Ysla Campbell
205 ## - Declaración de edición
Declaración de edición 1a ed
210 ## - Publicación, distribución, etc.
Lugar de publicación, distribución, etc. México
Nombre del editor, distribuidor, etc. Universidad Autónoma de Ciudad Juárez
Fecha de publicación, distribución, etc. 1998
215 ## - Descripción física
Designación de material específico y extensión del ítem 135 p
Dimensiones 21 cm
327 #1 - Nota de contenidos
Texto de la nota Que también de Guatemala se sube al Monte Parnaso Diego Sènz de Ovecuri y los laberintos del Barroco Francisco Javier Cevallos -- Nuevos datos sobre Gutierre de Cetina y otros poetas españoles en Puebla siglo XVI / Margarita Peña -- Sobre la narrativa novelesca en la Nueva España / Blanca López de Mariscal -- Periquillo : voces y lecturas callejeras / Enrique Flores -- La mujer decimonónica vista a través de las poetas de su tiempo / Jesús L. Tafoya -- Fernando del Paso / Elizabeth Corral Peña -- Las mil y una noches mexicanas o la otra cara de la luna / Luis Carlos Salazar Quintana -- La lirización de la narrativa contemporánea / Raúl Dorra -- Palabras y gestos : el postmodernismo en una novela chicana / Axel Ramírez ...
345 ## - Nota de información de adquisición
Fuente de adquisición/dirección de la suscripción [OBSOLETO] Donación 'Salon du Livre 2009'
606 ## - Término temático usado como materia
Elemento de entrada Literatura mexicana
Subdivisión cronológica Siglo XX
Subdivisión temática Historia y crítica
-- Congresos
Número Koha 6879
702 ## - Nombre personal - Responsabilidad secundaria
Elemento de entrada Campbell
Parte del nombre distinta del elemento de entrada Ysla
Número Koha 2010
710 ## - Nombre de entidad corporativa - Responsabilidad primaria
Elemento de entrada Encuentro Nacional de Escritores en la Frontera Norte
Número de reunión y/o número de parte de la reunión 9
Fecha de la reunión 16 y 17 de mayo de 1996
Lugar de la reunión Ciudad Juárez, Chihuahua (México)
Número Koha 10593
801 #0 - Fuente de origen
País FR
Agencia cm
Reglas de catalogación (convenciones descriptivas) AFNOR
900 ## -
-- 1/20791
942 ## - ELEMENTOS DE ENTRADA SECUNDARIOS (KOHA)
Tipo de ítem Koha Livre
996 ## -
-- MEX
-- 751145101
-- MMAG
-- 000709
-- 860 C192ES
-- 20111108LIV
Exemplaires
Estatus retirado Estado de daño Estado de pérdida Fecha de adquisición Biblioteca de origen Biblioteca actual Ubicación en estantería Código de barras Precio de reemplazo Signatura topográfica completa No para préstamo Tipo de ítem Koha Nota pública Nota no pública
      05/08/2025 Casa México Paris Casa México Paris   000709 05/08/2025 860 C192ES   Livre 20111108LIV 751145101